000 00401nam a22001577a 4500
003 OSt
005 20171208114152.0
008 171208b xxu||||| |||| 00| 0 eng d
040 _aLB-BrCRDP
082 _a320.956 K61n
100 _aKhalid Kishtainy
245 _aThe New Statesman and the Middle East
260 _aBeirut
_bPalestine Reserch center
_c1972
300 _a124p
_c20cm
942 _2ddc
_cBK
999 _c18224
_d18224